| 000 | 00351 a2200133 4500 | ||
|---|---|---|---|
| 001 | 88101 | ||
| 082 | _aPR 340 | ||
| 090 |
_c41512 _d41512 |
||
| 100 | _aKhurram Rashid, 005919 | ||
| 245 | _aStudy and design of hydrogen fuel cell | ||
| 260 |
_aRisalpur _bNUST Risalpur _c2004 |
||
| 300 |
_aix, 79p. _eAbdul Naeem Khan, Dr |
||
| 500 | _aBE Project Reports | ||
| 942 |
_aCAE NUST _kPR 340 |
||
| 999 |
_c323174 _d323174 |
||